101 μυστικά για την ψηφιακή φωτογραφία
Saved in:
| Main Author: | |
|---|---|
| Other Authors: | |
| Format: | Book |
| Language: | Greek English |
| Published: |
[Χ.τ.] :
Ημερησία Α.Ε.,
c2009
|
| Series: | In easy steps ;
; 19 |
| Subjects: | |
| Tags: |
Add Tag
No Tags, Be the first to tag this record!
|
MARC
| LEADER | 00000cam a2200000 i 4500 | ||
|---|---|---|---|
| 001 | 1/12434 | ||
| 008 | 110314s2009 gre d | ||
| 035 | |l 10109787 | ||
| 040 | |a GR-MY-UA |b gre |e aacr | ||
| 041 | 1 | |a gre |h eng | |
| 082 | 0 | |a 778.3 |2 (22) | |
| 100 | 1 | |a Vandome, Nick. | |
| 245 | 1 | 0 | |a 101 μυστικά για την ψηφιακή φωτογραφία / |c Nick Vandome ; μετάφραση: Wordshop (Παναγιώτης Ηλιόπουλος) ; επιμέλεια: Ιορδάνςη Δρογγίτης |
| 260 | |a [Χ.τ.] : |b Ημερησία Α.Ε., |c c2009 | ||
| 300 | |a 192 σ.; |b έγχρ. εικ.; |c 23 εκ. | ||
| 490 | 1 | |a In easy steps |v ; 19 | |
| 500 | |a Τίτλος πρωτοτύπου: 101 digital photo tips | ||
| 504 | |a Περιλαμβάνει ευρετήριο | ||
| 650 | 0 | 0 | |a Photography |x Digital techniques. |
| 700 | 1 | |a Δρογγίτης, Ιορδάνης. |4 edt | |
| 830 | 0 | |a In easy steps ; |v ; 19 | |
| 852 | |a INST |b SYROS |e 20110314 |h 778.3 VAN |p 005500009284 |q 005500009284 |t BK |y 0 | ||
| 901 | |a BIBL5-2011-1 | ||
| 909 | |a Ε |b 165457 | ||
| 970 | |a ΚΟΝΤΟΥ |b ΠΑΡΑΣΚΕΥΗ |z 2011/03/14 | ||